| 000 | 01051nam a2200325 a 4500 | ||
|---|---|---|---|
| 999 |
_c7495 _d7495 |
||
| 001 | 991025908229706706 | ||
| 003 | OSt | ||
| 005 | 20211203121539.0 | ||
| 008 | 950901s1995 sp |||||| |00| ||spa|c | ||
| 020 | _a8487524729 | ||
| 035 | _a(ES-BaCBU)b16730987-34csuc_network | ||
| 035 | _a(ES-BaCBU).b16730987 | ||
| 035 | _a(ccuc001)b16730987 | ||
| 035 | _a(OCoLC)802669621 | ||
| 040 |
_aES-BaCBU _bcat _cCDMR |
||
| 080 | _a301.153.2:32 | ||
| 100 | 1 | _aCollon, Michel | |
| 245 | 1 | 0 |
_a¡Ojo con los media! / _cMichel Collon ; traducción y adaptación Eva Sastre Forest |
| 250 | _b2a edició | ||
| 260 |
_aHondarribia : _bArgitaletxe Hiru, _c1995 |
||
| 300 |
_a372 p. ; _c18 cm |
||
| 500 | _aSíntesi del llibre: Attention médias! | ||
| 650 | 0 | 4 |
_aPremsa _xManipulació |
| 650 | 0 | 0 |
_aMitjans de comunicació de massa _xManipulació _93243 |
| 740 | 0 | _aAttention médias! | |
| 830 | 0 | _aInforme (Argitaletxe Hiru) | |
| 907 |
_a.b16730987 _b29-10-20 _c07-05-08 _d01-09-95 _em _fa _g- _hspa _isp _j0 _k3 |
||
| 908 |
_aUAB _aUdL _aUPF |
||
| 942 |
_2udc _cMON |
||